|
|
|
|
| LEADER |
00000nam a2200000 a 4500 |
| 001 |
vtls008640271 |
| 003 |
SK-MaSNL |
| 005 |
20260302075034.0 |
| 008 |
060329s2005 hu ha n 100 0 hun |
| 015 |
|
|
|a SNBZSA2007-00016
|
| 020 |
|
|
|a 9632004965 (brož.)
|
| 040 |
|
|
|a SNK
|b slo
|c SNK
|e AACR2
|
| 041 |
0 |
|
|a hun
|
| 043 |
|
|
|a e-hu
|a e-xo
|
| 072 |
|
7 |
|a 94(430/439)
|x Dejiny krajín strednej Európy
|2 konspekt
|
| 080 |
|
|
|a 930.85
|x (439.2)
|x (063)
|2 2001
|
| 080 |
|
|
|a 94(439)
|2 2001
|
| 080 |
|
|
|a 094/097
|2 2001
|
| 080 |
|
|
|a 027
|2 2001
|
| 111 |
2 |
|
|a Közgyűjteményi Tudományos Napok
|n (I. :
|d 2003 :
|c Budapest, Maďarsko)
|9 741380
|
| 245 |
1 |
0 |
|a Közgyűjteményi tudományos napok I. Sopron
|b a 2003. október 16-i konferencia előadásai Budapest, Országos Széchényi Könyvtár
|c szerkesztette Ekler Péter
|
| 260 |
|
|
|a Budapest
|b Országos Széchényi Könyvtár
|c 2005
|
| 300 |
|
|
|a 111 s.
|b faksim., ilustr.
|c 20 cm
|
| 490 |
1 |
|
|a Nemzeti téka
|x 1586-1163
|
| 650 |
0 |
7 |
|a dejiny knižnej kultúry
|2 SNKPH
|9 71470
|
| 650 |
0 |
7 |
|a knižnice
|2 SNKPH
|9 17965
|
| 650 |
0 |
7 |
|a archívy
|2 SNKPH
|9 26146
|
| 650 |
0 |
7 |
|a verejné zbierky
|2 snkbuxs
|9 740909
|
| 651 |
|
7 |
|a Šopron (Maďarsko)
|2 snkbuxs
|9 56356
|
| 651 |
|
7 |
|a Uhorsko
|x dejiny
|2 snkbuxs
|9 56334
|
| 655 |
|
7 |
|a zborníky
|2 SNKPH
|9 70165
|
| 700 |
1 |
|
|a Ekler, Péter
|4 edt
|9 741381
|
| 830 |
|
0 |
|a Nemzeti téka
|9 303871
|
| 919 |
|
|
|a 963-200-496-5
|
| 958 |
|
|
|a ZS
|
| 958 |
|
|
|a KL
|
| 958 |
|
|
|a NB
|
| 958 |
|
|
|a HU
|
| 999 |
|
|
|c 1167569
|d 1169499
|
| 952 |
|
|
|a SNK
|b SNK
|y PREZ
|7 0
|p 17A0501521
|o snkSD 75576/1
|i snk2006/6814
|8 2
|g 7.30
|0 0
|1 0
|4 0
|d 2006-03-29
|l 0
|r 2025-11-24 00:00:00
|w 2026-02-24
|